000 00361nam a22001457a 4500
003 OSt
005 20251111131441.0
008 251111b |||||||| |||| 00| 0 eng d
020 _a0789460297
040 _cDORLING KINDERSLEY
050 _aC 171 .M36 2000
245 _aNORTH AMERICAN INDIAN
260 _aNEW YORK
_bDORLING KINDERSLEY
_c2000
942 _2ddc
_cBK
_n0
999 _c9765
_d9765